Computational Physics (Record no. 6126)

MARC details
000 -LEADER
fixed length control field 01006cam a2200289 i 4500
001 - CONTROL NUMBER
control field 18068412
003 - CONTROL NUMBER IDENTIFIER
control field OSt
005 - DATE AND TIME OF LATEST TRANSACTION
control field 20240514164213.0
008 - FIXED-LENGTH DATA ELEMENTS--GENERAL INFORMATION
fixed length control field 140314s2013 enka b 001 0 eng
010 ## - LIBRARY OF CONGRESS CONTROL NUMBER
LC control number 2013372085
020 ## - INTERNATIONAL STANDARD BOOK NUMBER
International Standard Book Number 0521575885
040 ## - CATALOGING SOURCE
Original cataloging agency DLC
Language of cataloging eng
Transcribing agency DLC
Description conventions rda
Modifying agency DLC
042 ## - AUTHENTICATION CODE
Authentication code pcc
050 00 - LIBRARY OF CONGRESS CALL NUMBER
Classification number QC20
Item number .T445 2013
082 ## - DEWEY DECIMAL CLASSIFICATION NUMBER
Classification number 530.15 THI 1999
100 1# - MAIN ENTRY--PERSONAL NAME
Personal name Thijssen, J. M.
9 (RLIN) 12670
245 10 - TITLE STATEMENT
Title Computational Physics
264 #1 - PRODUCTION, PUBLICATION, DISTRIBUTION, MANUFACTURE, AND COPYRIGHT NOTICE
Place of production, publication, distribution, manufacture Cambridge :
Name of producer, publisher, distributor, manufacturer Cambridge University Press ,
Date of production, publication, distribution, manufacture, or copyright notice 1999.
300 ## - PHYSICAL DESCRIPTION
Extent xiii, 546p :
Other physical details illustrations ;
Dimensions 25 cm
504 ## - BIBLIOGRAPHY, ETC. NOTE
Bibliography, etc Includes bibliographical references and index.
650 #0 - SUBJECT ADDED ENTRY--TOPICAL TERM
Topical term or geographic name as entry element Mathematical physics.
9 (RLIN) 372
856 41 - ELECTRONIC LOCATION AND ACCESS
Materials specified Table of contents only
Uniform Resource Identifier http://www.loc.gov/catdir/enhancements/fy1406/2013372085-t.html
856 42 - ELECTRONIC LOCATION AND ACCESS
Materials specified Publisher description
Uniform Resource Identifier http://www.loc.gov/catdir/enhancements/fy1406/2013372085-d.html
906 ## - LOCAL DATA ELEMENT F, LDF (RLIN)
a 7
b cbc
c orignew
d 2
e ncip
f 20
g y-gencatlg
942 ## - ADDED ENTRY ELEMENTS (KOHA)
Source of classification or shelving scheme Dewey Decimal Classification
Koha item type Open Shelf
Holdings
Withdrawn status Lost status Source of classification or shelving scheme Damaged status Not for loan Home library Current library Date acquired Source of acquisition Inventory number Total Checkouts Full call number Barcode Date last seen Koha item type
    Dewey Decimal Classification     MUST Main Library MUST Main Library 17/09/2018 Purchase 05/24962   530.15 THI 1999 2018-0313 17/09/2018 Open Shelf
    Dewey Decimal Classification     MUST Main Library MUST Main Library 14/05/2024 Purchase 04/21849   530.15 THI 1999 2024-0191 14/05/2024 Open Shelf
    Dewey Decimal Classification     MUST Main Library MUST Main Library 14/05/2024 Purchase 05/24961   530.15 THI 1999 2024-0192 14/05/2024 Open Shelf